logo

Bir Sreshtho Munshi Abdur Rouf Library
Jhenaidah Cadet College

English At Work: Course Three / (Record no. 7153)

MARC details
000 -LEADER
fixed length control field 00539nam a2200205 a 4500
001 - CONTROL NUMBER
JCCL Control Number 7153
003 - CONTROL NUMBER IDENTIFIER
JCCL marc code BD-JhCC
005 - DATE AND TIME OF LATEST TRANSACTION
control field 20180212095929.0
008 - FIXED-LENGTH DATA ELEMENTS--GENERAL INFORMATION
fixed length control field 180205s1956 usa |||| |||| 000 0 eng d
035 ## - SYSTEM CONTROL NUMBER
system control number (BD-JhCC)
040 ## - CATALOGING SOURCE
Original cataloging agency BD-JhCC
Modifying agency BD-JhCC
041 ## - LANGUAGE CODE
Language code of Book eng
082 ## - DEWEY DECIMAL CLASSIFICATION NUMBER
Classification number 820
Author mark and Year ENG 1956
245 ## - TITLE STATEMENT
Title English At Work: Course Three /
Statement of responsibility, etc Margaret M. Bryant...[et.all]
260 ## - PUBLICATION, DISTRIBUTION, ETC. (IMPRINT)
Place of publication, distribution, etc USA:
Name of publisher, distributor, etc Charles Scribner's Sons;
Date of publication, distribution, etc 1956
300 ## - PHYSICAL DESCRIPTION
Pagination 518 p;,
Dimensions 24 cm
650 ## - SUBJECT ADDED ENTRY--TOPICAL TERM
Topical term or geographic name as entry element English Literature
700 ## - ADDED ENTRY--PERSONAL NAME
Personal name Bryant, Margaret M.
942 ## - ADDED ENTRY ELEMENTS (KOHA)
Source of classification or shelving scheme Dewey Decimal Classification
Koha item type Books
Holdings
Source of classification or shelving scheme Damaged status Not for loan Home library Current library Shelving location Date of accession Total Checkouts Full call number Barcode Date last seen Copy number Koha item type
Dewey Decimal Classification     JCC Rouf Library JCC Rouf Library General Stacks 02/05/2018   820 ENG 1956 1017 02/05/2018 C-1 Books

JCC Library | Contacts | JCC Home

Last Update on 23 September 2017
Copyright @ 2017-2020 JCC Rouf Library
Rouf Library, Jhenidah Cadet College (JCC), Bangladesh